000 00392pab a2200145 454500
008 180718b2015 xxu||||| |||| 00| 0 eng d
100 _aPrato, Bettina
245 _aOpportunities and challenges for 'rural transformation' in the 2030 Agenda
260 _c2015
300 _ap.187-195.
650 _aRural areas
650 _aRural development
773 _aDevelopment
909 _a114678
999 _c114672
_d114672